000 00283nam a22001097a 4500
008 170112b xxu||||| |||| 00| 0 eng d
020 _a9780323011549
041 _aeng
080 _22ND
_a618.2
245 _aCRITICAL THINKING IN MEDICAL-SURGICAL SETTINGS
_cPREUSSER, W
942 _2udc
_cBK
999 _c2749
_d2749